000 01261nam a2200253Ia 4500
003 OSt
005 20210608150233.0
008 210310s1974 eu ad gr 000 0deng d
040 _aCO-JMCR
_cCO-JMCR
041 0 _aeng
082 0 4 _a333.82 /
_bC678r
_223
100 1 _aCohen, Alan S.,
_916107
_eautor
245 1 0 _aResidential Fuel Policy and the environment /
_cAlan S Cohen, Gideon Fishelson, John L. Gardner
260 _aCambridge :
_bBallinger Publishing Company,
_c1974
300 _axiii, 173 páginas :
_bilustraciones y gráficas a blanco y negro ;
_c23 cm.
500 _aIncluye notas biográficas de los autores.
505 0 _aThe setting -- Social Costs of Residential Fuel Policies -- Air Quality Impacts -- Benefits of Residential Fuel Policies -- Distribution of Benefits and Costs -- Summary and Conclusions -- Chicago Area Air Quality Regulations -- The Coal User Survey
650 1 4 _aViviendas
_916109
_xCalefacción y ventilación
_xAspectos medioambientales
_zEstados Unidos
650 2 4 _aCombustible
_xPrecios
_zEstados Unidos
_938203
650 2 4 _aPolítica energética
_xAspectos medioambientales
_zEstados Unidos
_938204
700 1 _aFishelson, Gideon,
_eautor
_938205
700 1 _aGardner, John L.,
_eautor
_938206
942 _2ddc
_cBK
999 _c8021
_d8021